| 000 | 00437nam a2200181Ia 4500 | ||
|---|---|---|---|
| 001 | 5233 | ||
| 005 | 20260306145853.0 | ||
| 008 | 260306t2015||||xx |||||||||||||| ||spa|| | ||
| 041 | _aESP | ||
| 082 |
_a338.2728 _bI59 |
||
| 100 |
_aThe Institute of Petroleum _eAUT |
||
| 245 | 0 | _aModerna tecnología del petróleo | |
| 260 | _c2015 | ||
| 300 |
_a731 páginas : _c21 cm. |
||
| 650 | _aGEN | ||
| 654 | _aCAN | ||
| 942 |
_cLIB _dJUS _fJUS _2ddc _n |
||
| 999 |
_c5233 _d5233 |
||